00679nam a2200217 4500003000900000005001700009008004100026040004300067041000800110082002300118100002800141245005200169264003200221300002300253336002200276337002400298338003300322546002000355650002900375856005700404EG-GICUC20260331105116.0260331s1948 -uk||||fr|||| 001 0 eng d aEG-GiCUCbengcEG-GiCUCdEG-GiCUCerda0 aeng04221a341.33bNA . D1 aNamier, L. B. eAuthor.10aDiplomatic Prelude 1938 - 1939 /cL. B. Namier. 1aLondon :bMacmillan,c1948. a502 pages ;c24 cm 2rda contentatext 2rda mediaaComputer 2rda carrieraOnline Resource aText in English14aPublic international law40uhttps://fll.law.cu.edu.eg/fulltext/bks/B11-06533.pdf